LEADER 00929nam0-22003011i-450- 001 990007451680403321 010 $a88-13-24019-8 035 $a000745168 035 $aFED01000745168 035 $a(Aleph)000745168FED01 035 $a000745168 100 $a20030704d2002----km-y0itay50------ba 101 0 $aita 102 $aIT 105 $ay-------001yy 200 1 $aPianificazione e pubblica amministrazione a regime di mercato$fGianluca Maria Esposito 210 $aPadova$cCedam$dc2002 215 $aXXXIII, 774 p.$d24 cm 225 1 $aUrbanistica, opere pubbliche, espropriazioni$v42 676 $a352.34$v21$zita 700 1$aEsposito,$bGianluca Maria$0262966 801 0$aIT$bUNINA$gRICA$2UNIMARC 901 $aBK 912 $a990007451680403321 952 $aCollezioni 398 (42)$b44803*$fFGBC 959 $aFGBC 996 $aPianificazione e pubblica amministrazione a regime di mercato$9679283 997 $aUNINA LEADER 01017cam0 2200265 450 001 E600200045488 005 20210914072318.0 100 $a20090218d1935 |||||ita|0103 ba 101 $afre 102 $aFR 200 1 $aExtraits des Chansons de Geste$fAvec une notice biographique, une notice historique et littéraire, des notes explicatives, des jugements, des questionnaire et des sujets de devoirs, par Robert Bossuat 210 $aParis$cLarousse$d1935 215 $a111 p.$d17 cm 225 2 $aClassiques Larousse 410 1$1001LAEC00018309$12001 $a*Classiques Larousse 702 1$aBossuat, Robert$3A600200025826$4070 801 0$aIT$bUNISOB$c20210914$gRICA 850 $aUNISOB 852 $aUNISOB$j840|Coll|3|K$m6985 912 $aE600200045488 940 $aM 102 Monografia moderna SBN 941 $aM 957 $a840|Coll|3|K$b000046$gSi$d6985$racquisto$1pregresso1$2UNISOB$3UNISOB$420090218161347.0$520151125125301.0$6Alfano 996 $aExtraits des chansons de geste$9307167 997 $aUNISOB LEADER 02284nas# 22004211i 450 001 UON00380974 005 20241208052448.160 011 $a0003-0171 017 70$2P$aP 00090968 100 $a20100505b19821986 |0itac50 ba 101 $aeng 102 $aUS 105 $a|||| 1|||| 110 $aaM||||||||| 200 1 $aAmerican notes & queries 207 $aVol. 1, nr. 1 (Sept. 1962)- v. 24, nr. 9/10 (May/June 1986). 210 $aNew Haven, Conn.$cAmerican Notes & Queries$d[1962]-1986 215 $a24 volumi$d23 cm 300 $aMensile 316 $avol. 21$5IT-UONSI PER DUOMO076/1982/83 316 $avol. 22$5IT-UONSI PER DUOMO076/1983/84 316 $avol. 23$5IT-UONSI PER DUOMO076/1984/85 316 $avol. 24$5IT-UONSI PER DUOMO076/1985/86 440 1$1001UON00238688$12001 $aANQ$ea Quarterly Journal of Short Articles, Notes, and Reviews$fUniversity of Kentuky$1210 $aVol. 1, no. 1, new ser. (Jan. 1988)-$1215 $aLexington, Ky.$c[University Press of Kentucky for the Dept. of English, University of Kentucky], [1988]-$1300 $aTrimestrale <1988-2019>; mensile <2019-> 517 1$3UON00527148$aAmerican notes and queries 606 $aBIbliografie$xPeriodici$3UONC104344$2FI 606 $aLetteratura$xPeriodici$3UONC066819$2FI 620 $aUS$dNew Haven$3UONL000121 620 $aUS$dOwingsville$3UONL005645 676 $a050$cSeriali generali$v21 676 $a031$cEnciclopedie americane$v20 712 $aErasmus Press$3UONV284313$4650 801 $aIT$bSOL$c20250613$gRICA 899 $aSIBA - SISTEMA BIBLIOTECARIO DI ATENEO$2UONSI$421(1982/83)-24(1985/86) ;$cPER DUOMO 076 ; 912 $aUON00380974 950 $aSIBA - SISTEMA BIBLIOTECARIO DI ATENEO$bSI 21(1982/83)-24(1985/86) ;$dSI 076 1982/83 $eSI LO 25547 7 1982/83 vol. 21$sBuono$dSI 076 1983/84 $eSI LO 26782 7 1983/84 vol. 22$sBuono$dSI 076 1984/85 $eSI LO 29644 7 1984/85 vol. 23$sBuono$dSI 076 1985/86 $eSI LO 30740 7 1985/86 vol. 24 996 $aAmerican notes & queries$91320252 997 $aUNIOR